000 01671nam a2200301 a 4500
001 BRCA_2390
005 20190320203803.0
008 101108s1934----sp-#---###---#000-0#spa-u
041 _aspa
044 _asp
084 _a031
_b.B55
_c1934 F1615
100 1 _aCervantes Saavedra, Miguel de
_d1547-1616
_9213
245 1 0 _aSegunda parte del Ingenioso Cavallero Don Quixote de la Mancha
_cpor Miguel de Cervates Saavedra, autor de su primera parte.
260 _aSan Sebastián (España)
_bBiblioteca nueva
_c1934
300 _a1 v. (sin paginación)
_c21 cm.
500 _aContenido : Tasa. Fe de errartas. Aprovación del Dr. Gutierre de Cetina. Aprobación de M. Joseph de Valdivieso. Aprobación del Lic. Márquez Torres. Privilegio. Prólogo del autor. Dedicatoria del autor al Conde de Lemos. Texto. Los primeros pasos de el Quijote, por M. Artigas
500 _aFacsímil de : Segunda parte del ingenioso cavallero Don Quixote de la Mancha. Madrid: Juan de la Cuesta, 1615
500 _aFacsímil de la segunda parte de la edición príncipe, publicado en San Sebastián, por Biblioteca Nueva, 1934, por completo igual al LO-030. Lindo ejemplar, encuadernado en fina piel parda, con florones y filetes dorados en lomo y planos Lúdovik Osterc
500 _aExistencias : Complementa al LO-008
500 _aQM374
650 1 4 _aNovela española
_yÉpoca clásica, 1500-1700
_9215
650 1 4 _aLiteratura española
_yÉpoca clásica, 1500-1700
_9216
650 1 4 _aNovela española
_ySiglo XVII
_9217
650 1 4 _aDon Quijote (Personaje ficticio)
_eNovela
_9218
740 0 _aEl Ingenioso Hidalgo Don Quijote de la Mancha
902 _aQFM
942 _2lcc
_cB
999 _c2131
_d2131